| 000 | 00879nam a2200265 i 4500 | ||
|---|---|---|---|
| 001 | 146597 | ||
| 003 | ES-MaACL | ||
| 005 | 20260215175251.0 | ||
| 007 | t| | ||
| 008 | 070912s1968 sp ||||1| spa d | ||
| 080 | _a201.188.1:63 | ||
| 080 | _a266.5 | ||
| 100 | 1 |
_aToulat, Pierre. _9111124 |
|
| 245 | 1 | 4 |
_aLos cristianos en el mundo rural / _cPierre Toulat, Ange Bougeard, Joseph Templier ; [traductor: Alberto Tomás]. |
| 250 | _a[1ª ed.]. | ||
| 260 |
_aBarcelona : _bInstituto Católico de Estudios Sociales, _c[1968] |
||
| 300 |
_a493 p. ; _c20 cm. |
||
| 650 |
_aSociología rural. _917216 |
||
| 700 | 1 |
_aBougeard, Ange. _930874 |
|
| 700 | 1 |
_aTemplier, Joseph. _9109675 |
|
| 700 | 0 |
_aTomas, Alberto, _c(O.S.B.) _9110496 |
|
| 710 | 2 |
_aInstitut Catòlic d'Estudis Socials de Barcelona. _94738 |
|
| 852 |
_aES-MaACL _jC-51013 _bR.65756 |
||
| 999 |
_c146597 _d146597 |
||